000 00682cam a2200265 4500
001 J87448
008 090401t1997 xxu||||| |||| 00| 0 eng d
035 _a(Sirsi) u81844
041 _aeng
050 _a658.99
100 _aPateman, John D.
245 _aHBG Kyle Stewart approach to cost reduction.
260 _aAscot, Berks.
_bCIOB
_c1997
300 _a8p. ; 30cm.
350 _a5
490 _aConstruction Papers
_v78
650 _aCONSTRUCTION FIRMS
650 _aCOST REDUCTION
650 _aHBG KYLE STEWART
650 _aMANAGEMENT
690 _aBUILT ENVIRONMENT
710 _aChartered Institute of Building
_92134
942 _n0
948 _c31/10/1997
999 _c96754
_d96754